| 000 | 00429nam a2200157 4500 | ||
|---|---|---|---|
| 001 | 45757 | ||
| 090 | _a45757 | ||
| 100 | _a20260302 pory50 | ||
| 101 | _apor | ||
| 102 | _aMOÇ | ||
| 200 |
_aMoçambique _edocumentário trimestral _forg. ed. Imprensa Nacional de Moçambique |
||
| 210 |
_aLourenço Marques _cImprensa Nacional de Moçambique _d1942 |
||
| 215 | _av. | ||
| 675 | _a908(679)(05) | ||
| 801 |
_aPT _gRPC |
||
| 990 | _cPERIODICOS | ||